000 00614nam a2200217Ia 4500
005 20250923150054.0
008 008 250917s9999 xx 000 0 eng d
037 _aTextual
040 _aDSWL
_beng
_cDSWL
041 _aeng
_2eng
084 _aYX;6-L8, PO1
_qDSWL
100 _aBentley, K. J.
_9841911
245 4 _aThe social worker and psychotropic medication
_c by K. J. Bentley
260 _aBelmont
_bBooks Cole
_c2001
300 _a305p.
365 _aINR
_b2296.8
700 _a J Walsh
_9841912
925 _g2296.8
942 _cTEXL
_hYX;6-L8, PO1
999 _c1459243
_d1459243